00177nam a2200073Ia 4500008004100000082000800041100001200049245004200061240331s9999 xx 000 0 und d bMAR aMarx, A 0aOlungavilpin thevaikal saaththiyangal